1191 1351 1196 1483 1752 1532 1860 1006 1943 1031 1794 1755 1823 1839 1142 1703 1216 1002 1392 1668 1924 1602 1164 1281 1011 1843 1119 1131 1545 1545 1202 1019 1302 1832 1507 1838 1700 1214 1047 1972 1808 1865 1413 1869 1966 1645 1662 1587 1686 1657 1918 1625 1934 1482 1334 1039 1269 1068 1899 1639 1350 1031 1948 1976 1036 1828 1127 1572 1290 1040 1508 1766 1984 1459 1772 1746 1381 1134 1396 1963 1743 1387 1242 1931 1014 1156 1050 1299 1758 1916 1856 1651 1439 1566 1895 1267 1318 1507 1615 BCNSPRNW ULIB Ver.6.0+V

เปลี่ยนเป็นภาษาไทย

Change to English
 แสดงรายละเอียดบรรณานุกรม
  กลับหน้าหลัก

Brief Record : Get Marc (ISO 2709) : E-mail record : QR code < ปิดหน้าต่าง
LEADER : 00000nam 2200000uu 4500
001    13399109123
003     ULIB
008    110322s2550||||th 000 0 tha d
020    9789744140425
041 1  tha^heng
050  4 HF5549.5.R44^bท858ก 2550
100 1  โทรน, เคย์
245 10 การบริหารจัดการคนเก่ง =^bThe essential guide to managingtalent /^cผู้เขียน : Kaye Thorne, Andy Pellant ; แปลและเรียบเรียงโดย: ประภัสสร วรรณสถิตย์
246 31 The essential guide to managing talent
250    พิมพ์ครั้งที่ 1
260    กรุงเทพฯ :^bเอ็กซเปอร์เน็ท,^c2550
300    426 หน้า ;^c21 ซม.
650  7 นักบริหาร^xการคัดเลือกและสรรหา
650  7 การบริหารงานบุคคล
650  7 ลูกจ้าง^xการฝึกอบรม
650  7 การจูงใจในการทำงาน
650  7 ความพอใจในการทำงาน
700 1  เพลแลน, แอนดี้
700 0  ประภัสสร วรรณสถิตย์,^eผู้แปล
700 12 Pellant, Andy.^tThe essential guide to managing talent
700 12 Thorne, Kaye.^tThe essential guide to managing talent
945    ^p350^l0^i029924
945    ^p350^l0^i029923
995    ทศพร
999 ^a ใช้งานได้ทุกระบบ
รายการนี้ยังไม่มีแท็ก
คุณยังไม่ได้ล็อกอิน คุณสามารถมีกิจกรรมร่วมกับเว็บไซต์ได้ แต่ต้องล็อกอินก่อน ::
  ล็อกอิน

รายการสื่อสารสนเทศ

ลำดับที่ ประเภท เลขเรียก/บาร์โค้ด สถานที่ สถานะ
1. การศึกษาทั่วไป
การศึกษาทั่วไป
HF5549.5.R44 ท858ก 2550 ฉ.2 
  Barcode: 029924
ห้องสมุดวิทยาเขตนครสวรรค์
►หนังสือทั่วไป:l:General Books
บนชั้น

รายการใกล้เคียง
    ผู้แต่ง [โทรน, เคย์]

    หัวเรื่อง [การบริหารงานบุคคล]
    หัวเรื่อง [การจูงใจในการทำงาน]
    หัวเรื่อง [ความพอใจในการทำงาน]

BibComment


ยังไม่เคยถูกคอมเมนท์

คอมเมนท์ทรัพยากรรายการนี้
  คอมเมนท์: การบริหารจัดการคน..


 Copyright 2026. Bcnsprnw @Library